El antillanismo de Hostos, Betances y Lupeón / (Record no. 28646)
[ view plain ]
| 000 -CABECERA | |
|---|---|
| campo de control de longitud fija | 00945nam a2200253 a 4500 |
| 001 - NÚMERO DE CONTROL | |
| campo de control | 000029154 |
| 005 - FECHA Y HORA DE LA ÚLTIMA TRANSACCIÓN | |
| campo de control | 20260304085435.0 |
| 008 - DATOS DE LONGITUD FIJA--INFORMACIÓN GENERAL | |
| campo de control de longitud fija | 110413s2003 dr 000 0 spa d |
| 040 ## - FUENTE DE LA CATALOGACIÓN | |
| Centro catalogador/agencia de origen | DO-SdBNP |
| Lengua de catalogación | spa |
| Centro/agencia transcriptor | BNPHU |
| 082 ## - NÚMERO DE LA CLASIFICACIÓN DECIMAL DEWEY | |
| Número de clasificación | xxx |
| Número de documento/Ítem | P397a |
| 049 ## - FONDOS LOCALES (OCLC) | |
| Fondos de biblioteca | BNPD |
| 100 1# - ENTRADA PRINCIPAL--NOMBRE DE PERSONA | |
| Nombre de persona | Peña Gomez, Jose Francisco , |
| Fechas asociadas al nombre | 1937-1998 |
| 9 (RLIN) | 2994 |
| 245 10 - MENCIÓN DE TÍTULO | |
| Título | El antillanismo de Hostos, Betances y Lupeón / |
| Mención de responsabilidad, etc. | José Francisco Peña Gómez ; introducción Juan Uribe de Báez ; edición Juan Báez. |
| 260 ## - PUBLICACIÓN, DISTRIBUCIÓN, ETC. | |
| Lugar de publicación, distribución, etc. | Santo Domingo : |
| Nombre del editor, distribuidor, etc. | Cuadernos de la Trinitaria, |
| Fecha de publicación, distribución, etc. | 2003. |
| 300 ## - DESCRIPCIÓN FÍSICA | |
| Extensión | vii, 23 p. ; |
| Dimensiones | 21 cm. |
| 490 1# - MENCIÓN DE SERIE | |
| Mención de serie | Cultura |
| 490 1# - MENCIÓN DE SERIE | |
| Mención de serie | Rescate |
| -- | memoria historia |
| Designación de volumen o secuencia | 1 |
| 500 ## - NOTA GENERAL | |
| Nota general | "Discurso pronunciado el 17 de enero de 1979" p. 1 |
| 500 ## - NOTA GENERAL | |
| Nota general | Título de la cubierta Hostos, Betances y Luperón |
| 700 1# - PUNTO DE ACCESO ADICIONAL--NOMBRE DE PERSONA | |
| Nombre de persona | Uribe de Báez, Juan |
| Término indicativo de función/relación | introd. |
| 9 (RLIN) | 56062 |
| 700 1# - PUNTO DE ACCESO ADICIONAL--NOMBRE DE PERSONA | |
| Nombre de persona | Báez, Juan |
| Término indicativo de función/relación | ed. |
| 9 (RLIN) | 34057 |
| 830 #0 - PUNTO DE ACCESO ADICIONAL DE SERIE-TÍTULO UNIFORME | |
| Título uniforme | Rescate |
| Nombre de parte o sección de la obra | memoria historia |
| Designación de volumen o secuencia | 1 |
| 9 (RLIN) | 56063 |
| 830 #0 - PUNTO DE ACCESO ADICIONAL DE SERIE-TÍTULO UNIFORME | |
| Título uniforme | Cultura |
| 9 (RLIN) | 56064 |
| Estado de retiro | Estado de pérdida | Restricciones de uso | No para préstamo | Código de colección | Localización permanente | Ubicación/localización actual | Ubicación en estantería | Fecha de adquisición | Número de inventario | Total de préstamos | Signatura topográfica completa | Código de barras | Fecha visto por última vez | Número de copia | Precio válido a partir de | Tipo de ítem Koha |
|---|---|---|---|---|---|---|---|---|---|---|---|---|---|---|---|---|
| Dominicana de Servicio | General | General | En catalogación | 27.04.2011 | LF1 | xxx P397a | 29154-30 | 25.06.2020 | e. 3 | 25.06.2020 | Libro y Folleto Colección Dominicana de Servicio | |||||
| Dominicana de Servicio | General | General | En catalogación | 27.04.2011 | LF1 | xxx P397a | 29154-40 | 25.06.2020 | e. 4 | 25.06.2020 | Libro y Folleto Colección Dominicana de Servicio | |||||
| Dominicana de Servicio | General | General | En catalogación | 25.05.2011 | LF1 | xxx P397a | 29154-50 | 25.06.2020 | e. 5 | 25.06.2020 | Libro y Folleto Colección Dominicana de Servicio | |||||
| Excluido de préstamo | Patrimonio Dominicano | Patrimonio Dominicano | Patrimonio Dominicano | En catalogación | 13.04.2011 | LF1 | xxx P397a | 29154-10 | 25.06.2020 | 25.06.2020 | Libro y Folleto Colección Patrimonio Dominicano | |||||
| Excluido de préstamo | Patrimonio Dominicano | Patrimonio Dominicano | Patrimonio Dominicano | En catalogación | 13.04.2011 | LF1 | xxx P397a | 29154-20 | 25.06.2020 | e. 2 | 25.06.2020 | Libro y Folleto Colección Patrimonio Dominicano |
